000 01133nas a2200277 4500
001 BR8901416
003 BR-BrBNA
005 20231205091505.0
007 ta
008 230509b bl.|||p| |||| 00| 00por d
040 _aBR-BrBNA
_bpor
_cBiblioteca Nacional de Agricultura
041 _a(Pt)
072 _aH10; F60
100 1 _aBarrigossi, J.A.F.
100 1 _aLopes, N.F.
100 1 _aChandler, L.
245 1 _aResposta fisiologica do feijoreiro (Phaseolus vulgaris L.)ao Forate e suas consequencias entomologicas, 2: crescimento, morfologia, particao de assimilados e producao de materia seca das plantas
_bParte de tese
246 1 _aThe physiological response of bean (Phaseolus vulgaris L.)to phorate and the entomological consequences, 2: growth morphology, partition of assimilates, and dry matter production of plants
_bPart of thesis
650 _aFEIJAO
650 _aINSETICIDA
650 _aCRESCIMENTO
650 _aMATERIA SECA
773 0 _tRevista Ceres (Brazil)
_xISSN 0034-737X
_g(Jul-Aug 1988), v. 35(200) p. 355-369
_wBR8901416
909 _a202311
_bLúcia
_c55
_dLúcia Elande
942 _2AGRIS
_n0
_cANA
999 _c125442
_d125442